Turizm bələdçiləri tərəfindən Bakı və Abşeron yarımadası haqqında məlumatın verilməsi üzrə vahid metodika (Record no. 414)
[ view plain ]
| 000 -LEADER | |
|---|---|
| fixed length control field | 02675nam a22003497a 4500 |
| 003 - CONTROL NUMBER IDENTIFIER | |
| control field | OSt |
| 005 - DATE AND TIME OF LATEST TRANSACTION | |
| control field | 20260512081118.0 |
| 008 - FIXED-LENGTH DATA ELEMENTS--GENERAL INFORMATION | |
| fixed length control field | 260512b |||||||| |||| 00| 0 aze d |
| 020 ## - INTERNATIONAL STANDARD BOOK NUMBER | |
| International Standard Book Number | 9789952445039 |
| 040 ## - CATALOGING SOURCE | |
| Original cataloging agency | AZ-XaKU |
| Language of cataloging | aze |
| Transcribing agency | AZ-XaKU |
| 041 0# - LANGUAGE CODE | |
| Language code of text/sound track or separate title | aze |
| 050 14 - LIBRARY OF CONGRESS CALL NUMBER | |
| Classification number | G155.7 .M566 2012 |
| 245 1# - TITLE STATEMENT | |
| Title | Turizm bələdçiləri tərəfindən Bakı və Abşeron yarımadası haqqında məlumatın verilməsi üzrə vahid metodika |
| Statement of responsibility, etc. | / baş redaktor Vilayət İsmayılov ; baş redaktorun müavini Adilxan Bayramov ; elmi redaktor Rasim Nəbioğlu ; redaktorlar Şəhla Tahirqızı, Əbülfəz Babazadə |
| 264 ## - PRODUCTION, PUBLICATION, DISTRIBUTION, MANUFACTURE, AND COPYRIGHT NOTICE | |
| Place of production, publication, distribution, manufacture | Bakı: |
| Name of producer, publisher, distributor, manufacturer | "Təknur", |
| Date of production, publication, distribution, manufacture, or copyright notice | 2012. |
| 300 ## - PHYSICAL DESCRIPTION | |
| Extent | 328 səhifə; |
| Other physical details | şəkil, |
| Dimensions | 21.5 sm. |
| 336 ## - CONTENT TYPE | |
| Content type term | text |
| Content type code | txt |
| Source | rdacontent |
| 337 ## - MEDIA TYPE | |
| Media type term | unmediated |
| Media type code | n |
| Source | rdamedia |
| 338 ## - CARRIER TYPE | |
| Carrier type term | volume |
| Carrier type code | nc |
| Source | rdacarrier |
| 500 ## - GENERAL NOTE | |
| General note | Metodiki təlimat Azərbaycan Respublikası Mədəniyyət və Turizm Nazirliyinin sifarişi ilə Turizm şöbəsi və Mədəniyyətşünaslıq üzrə Elmi-Metodiki Mərkəzin birgə təşkilatçılığı ilə tərtib edilmişdir. |
| 505 0# - Formatted Contents Note | |
| Formatted contents note | Giriş -- Muzeylər -- Teatrlar -- Abşeron İqtisadi-Coğrafi Rayonu -- Xızı Rayonu -- Abşeron Rayonu -- Kino -- Kitabxanalar -- Musiqi, İncəsənət və Rəssamlıq Məktəbləri -- Abidələr -- Hamamlar -- Meydanlar -- Saraylar Hansı Kriteriyalar Üzrə Seçim Olunub? -- Parklar -- Fəxri Xiyaban -- Bakı və Abşeron Abidələri -- Məscidlər -- Kilsələr -- Türbələr -- Karvansaralar -- Qalalar -- Bayramlar -- Stadionlar -- Olimpiya İdman Mərkəzləri -- Ticarət Mərkəzləri -- “City Tour” Marşrutu Üzrə Bələdçilər Üçün Çıxış Mətni. |
| 520 0# - SUMMARY, ETC. | |
| Summary, etc. | Metodiki təlimat Azərbaycan tarixi, mədəniyyəti və incəsənətinin ayrı-ayrı sahələri, eləcə də Bakı və Abşeron yarımadasının tarixi-mədəni abidələri, zəngin mədəni irsi haqqında ümumi və dəqiq məlumatları əks etdirir. |
| 521 ## - TARGET AUDIENCE NOTE | |
| Target audience note | Bakı və Abşeron yarımadası üzrə turistləri maraqlandıracaq məlumatların da daxil olduğu bu Təlimatdan turizm bələdçiləri, muzey işçiləri və xarici turistləri müşayiət edən turizm şirkətlərinin nümayəndələrinin, həmçinin turizm üzrə təhsil alan tələbələrin istifadə etməsi üçün nəzərdə tutulmuşdur. |
| 650 #7 - SUBJECT ADDED ENTRY--TOPICAL TERM | |
| Topical term or geographic name entry element | Turizm |
| Source of heading or term | AZ-XaKU |
| 655 ## - INDEX TERM--GENRE/FORM | |
| Source of term | Az-XaKU |
| Genre/form data or focus term | Metodiki təlimat |
| 700 1# - ADDED ENTRY--PERSONAL NAME | |
| Personal name | İsmayılov, Vilayət, |
| Relator term | baş redaktor. |
| 700 1# - ADDED ENTRY--PERSONAL NAME | |
| Personal name | Bayramov, Adilxan, |
| Relator term | baş redaktorun müavini. |
| 700 1# - ADDED ENTRY--PERSONAL NAME | |
| Personal name | Nəbioğlu, Rasim, |
| Relator term | elmi redaktor. |
| 700 1# - ADDED ENTRY--PERSONAL NAME | |
| Personal name | Tahirqızı, Şəhla, |
| Relator term | redaktor. |
| 700 1# - ADDED ENTRY--PERSONAL NAME | |
| Personal name | Babazadə, Əbülfəz, |
| Relator term | redaktor. |
| 942 ## - ADDED ENTRY ELEMENTS (KOHA) | |
| Koha item type | Book |
| Withdrawn status | Lost status | Source of classification or shelving scheme | Damaged status | Not for loan | Collection | Home library | Current library | Date acquired | Total checkouts | Full call number | Barcode | Date last seen | Copy number | Price effective from | Koha item type |
|---|---|---|---|---|---|---|---|---|---|---|---|---|---|---|---|
| Library of Congress Classification | General Collection | Karabakh University Main Library | Karabakh University Main Library | 05/12/2026 | G155.7 .M566 2012 | 0000000337 | 05/12/2026 | 1 | 05/12/2026 | Book |